[Event "Muensterland Verbandsklasse-A 0203"]
[Site "Muensterland"]
[Date "2002.09.28"]
[Round "1.4"]
[White "Steens, Rudolf"]
[Black "Niewerth, Gerd"]
[Result "1-0"]
[WhiteElo "1906"]
[BlackElo "1760"]
[PlyCount "84"]
[EventDate "2002.09.28"]
[EventType "team"]
[EventRounds "9"]
[EventCountry "GER"]
[SourceTitle "EXT 2004"]
[Source "ChessBase"]
[SourceDate "2003.11.25"]
[SourceVersion "1"]
[SourceVersionDate "2003.11.25"]
[SourceQuality "1"]
[WhiteTeam "Nordwalde"]
[BlackTeam "Heiden II"]
[WhiteTeamCountry "GER"]
[BlackTeamCountry "GER"]

1. e4 c6 2. d3 d5 3. Nd2 e5 4. Ngf3 Bd6 5. d4 Nd7 6. exd5 cxd5 7. dxe5 Nxe5 8. Nxe5 Bxe5 9. Bb5+ Bd7 10. Qe2 Bxb5 11. Qxb5+ Qd7 12. Qxd7+ Kxd7 13. Nf3 Bf6 14. 0-0 Ne7 15. Rd1 Rac8 16. c3 Rhe8 17. Bf4 b6 18. Rd3 Kc6 19. Be5 Nf5 20. Bxf6 gxf6 21. Rad1 Ne7 22. Nd4+ Kb7 23. Rf3 Ng8 24. Nf5 Re6 25. Rfd3 Rce8 26. g3 Ne7 27. Nxe7 R8xe7 28. Rxd5 Re1+ 29. Rxe1 Rxe1+ 30. Kg2 Re2 31. Rd7+ Ka6 32. b4 Rxa2 33. c4 Rc2 34. Rc7 Rb2 35. b5+ Ka5 36. Rxa7+ Kb4 37. Rb7 Ka5 38. Rxf7 Rc2 39. Rc7 Kb4 40. Rc6 Rxc4 41. Rxb6 Rc5 42. Rxf6 Kxb5 1-0